000 01150nam a22003137a 4500
003 CHAP
005 20220817041655.0
008 971013s1967 r 00010 d
010 _a21269
011 _a22241
035 _a26335
040 _cCHAP
082 _a333.72
_bC5
100 0 0 _aCiriacy-Wantrup, Sigfrid Von.
_923391
245 _aNatural resources
_b: quality and quantity. Papers presented before a Faculty seminar at the University of California, Berkeley, 1961-1965
260 _aBerkeley :
_bUniv. of California,
_c1967
300 _a217 p.
_b: láms.
590 _aBATCH-UPD
_b10
_c20130110
_lUCH01
_h1949
590 _aBATCH-UPD
_b10
_c20130410
_lUCH01
_h1311
590 _aBATCH-UPD
_b10
_c20130914
_lUCH01
_h1839
590 _aCONVERSION
_b10
_c20130109
_lUCH01
_h1313
650 1 4 _aRecursos naturales
_xConservación.
700 0 _aParsons, James J.
_985780
901 _aBK
942 _cLIBRO
949 _a333.72 C5
_bBC
_cLIBRO
_d33724000341731
_eLIBRO
_h11180
_i26335
_si
949 _a333.72 C5
_bBC
_cLIBRO
_d33724000341749
_eLIBRO
_fc.2
_h12630
_i26335
_si
949 _a333.72 C5
_bBC
_cLIBRO
_d33724000341756
_eLIBRO
_fc.3
_h15342
_i26335
_si
999 _c21269
_d21269